000 00840nam a22002777a 4500
001 BR2014002762
003 BR-BrBNA
005 20230928104433.0
007 ta
008 230509b bl.||||| |||| 00| 0 por d
040 _aBR-BrBNA
_bpor
_cBiblioteca Nacional de Agricultura
041 _a(Eng, Por)
072 _aQ60
_b2760
090 _ 2760 BR2014002762
110 1 _aSindicato Interestadual da Indústria do Tabaco, Santa Cruz do Sul, RS (Brasil)
_99542
245 1 _aTabaco no Sul do Brasil: tradição e renda; tobacco in South Brazil: tradition and income
260 3 _aSanta Cruz do Sul, RS (Brasil):
_c2014.
300 _a27 p.
500 _a18 illus.; 18 tables
650 _aFUMO
650 _aGESTÃO
650 _aPRODUÇÃO VEGETAL
650 _aMERCADO
909 _a202309
_bLucia
_c55
_dLucia Elande
942 _cBK
999 _c79900
_d79900